| 000 | 00657nam a2200217Ia 4500 | ||
|---|---|---|---|
| 003 | GCL | ||
| 005 | 20240530095254.0 | ||
| 008 | 140319s9999 xx 000 0 ara d | ||
| 020 | _a2057109977 | ||
| 040 |
_aGCL / _cGCL |
||
| 082 | 0 | 4 |
_a962.06 _bق/م ح |
| 100 | 1 | _aمحمد حسنين هيكل | |
| 245 | 1 | 0 |
_aحرب من نوع جديد / _cمحمد حسنين هيكل |
| 250 | _aالاولى | ||
| 260 |
_aالقاهرة : _bدار الشروق ، _c1999 |
||
| 300 |
_a51 ص ؛ _c24 سم |
||
| 650 | 0 | 4 | _aمحمد حسنين هيكل |
| 650 | 0 | 4 | _aمصر - تاريخ |
| 650 | 0 | 4 | _aمصر - تاريخ - العصر الحديث |
| 942 |
_2ddc _cBK |
||
| 999 |
_c5672 _d5672 |
||